| 000 | 00386nam a2200145Ia 4500 | ||
|---|---|---|---|
| 008 | 231129s1986||||xx |||||||||||||| ||spa|| | ||
| 020 | _a968-25-0282-9 | ||
| 040 | _bspa | ||
| 082 | _aR 604.20202 G455m | ||
| 100 | _aGiesecke Frederick E. | ||
| 245 | 0 | _aManual de dibujo tecnico | |
| 260 | _c1986 | ||
| 264 | _aInteramericana | ||
| 942 |
_2ddc _cBKS |
||
| 999 |
_c20347 _d20347 |
||